<?xml version="1.0" encoding="UTF-8"?>
<record
    xmlns:xsi="http://www.w3.org/2001/XMLSchema-instance"
    xsi:schemaLocation="http://www.loc.gov/MARC21/slim http://www.loc.gov/standards/marcxml/schema/MARC21slim.xsd"
    xmlns="http://www.loc.gov/MARC21/slim">

  <leader>00656nam a22001337a 4500</leader>
  <datafield tag="040" ind1=" " ind2=" ">
    <subfield code="c">RUA</subfield>
  </datafield>
  <datafield tag="082" ind1=" " ind2=" ">
    <subfield code="a">RUB RIC 2017 B643 Or.1</subfield>
  </datafield>
  <datafield tag="100" ind1=" " ind2=" ">
    <subfield code="a">RICH SOYA &#x179A;&#x17B7;&#x1785; &#x179F;&#x17BC;&#x1799;&#x17C9;&#x17B6;</subfield>
  </datafield>
  <datafield tag="245" ind1=" " ind2=" ">
    <subfield code="a">grafting test on five rubber clones at cambodian rubber research institute &#x1780;&#x17B6;&#x179A;&#x1796;&#x17B8;&#x179F;&#x17C4;&#x1792;&#x179B;&#x17BE;&#x1780;&#x17B6;&#x179A;&#x1794;&#x17C6;&#x1794;&#x17C5;&#x1780;&#x17D2;&#x179B;&#x17BB;&#x1793;&#x1780;&#x17C5;&#x179F;&#x17CA;&#x17BC;&#x1785;&#x17C6;&#x1793;&#x17BD;&#x1793;&#x17E0;&#x17E5;&#x1793;&#x17C5;&#x179C;&#x17B7;&#x1791;&#x17D2;&#x1799;&#x17B6;&#x179F;&#x17D2;&#x1790;&#x17B6;&#x1793;&#x179F;&#x17D2;&#x179A;&#x17B6;&#x179C;&#x1787;&#x17D2;&#x179A;&#x17B6;&#x179C;&#x1780;&#x17C5;&#x179F;&#x17CA;&#x17BC;&#x1780;&#x1798;&#x17D2;&#x1796;&#x17BB;&#x1787;&#x17B6;</subfield>
  </datafield>
  <datafield tag="260" ind1=" " ind2=" ">
    <subfield code="a">RUA</subfield>
    <subfield code="b">PHnom Penh</subfield>
    <subfield code="c">2017</subfield>
  </datafield>
  <datafield tag="300" ind1=" " ind2=" ">
    <subfield code="a">x;42p</subfield>
    <subfield code="b">ill;</subfield>
    <subfield code="c">29cm</subfield>
  </datafield>
  <datafield tag="856" ind1=" " ind2=" ">
    <subfield code="u">https://drive.google.com/file/d/1iXKFRhch-7XHmUMQQtQSPikey90Jrxxk/view?usp=sharing</subfield>
  </datafield>
  <datafield tag="942" ind1=" " ind2=" ">
    <subfield code="c">RUB</subfield>
  </datafield>
  <datafield tag="999" ind1=" " ind2=" ">
    <subfield code="c">18110</subfield>
    <subfield code="d">18110</subfield>
  </datafield>
  <datafield tag="952" ind1=" " ind2=" ">
    <subfield code="0">0</subfield>
    <subfield code="1">0</subfield>
    <subfield code="2">ddc</subfield>
    <subfield code="4">0</subfield>
    <subfield code="6">RUB_RIC_2017_000000000000000_B643_OR_1</subfield>
    <subfield code="7">0</subfield>
    <subfield code="9">80723</subfield>
    <subfield code="a">LBB</subfield>
    <subfield code="b">LBB</subfield>
    <subfield code="c">B643</subfield>
    <subfield code="d">2019-07-30</subfield>
    <subfield code="l">1</subfield>
    <subfield code="o">RUB RIC 2017 B643 Or.1</subfield>
    <subfield code="p">A41611</subfield>
    <subfield code="r">2022-03-04</subfield>
    <subfield code="s">2022-02-21</subfield>
    <subfield code="w">2019-07-30</subfield>
    <subfield code="y">RUB</subfield>
  </datafield>
  <datafield tag="952" ind1=" " ind2=" ">
    <subfield code="0">0</subfield>
    <subfield code="1">0</subfield>
    <subfield code="2">ddc</subfield>
    <subfield code="4">0</subfield>
    <subfield code="6">RUB_RIC_2017_000000000000000_B643_OR_2</subfield>
    <subfield code="7">0</subfield>
    <subfield code="9">80724</subfield>
    <subfield code="a">LBB</subfield>
    <subfield code="b">LBB</subfield>
    <subfield code="c">B643</subfield>
    <subfield code="d">2019-07-30</subfield>
    <subfield code="o">RUB RIC 2017 B643 Or.2</subfield>
    <subfield code="p">A41760</subfield>
    <subfield code="r">2019-07-30</subfield>
    <subfield code="w">2019-07-30</subfield>
    <subfield code="y">RUB</subfield>
  </datafield>
  <datafield tag="952" ind1=" " ind2=" ">
    <subfield code="0">0</subfield>
    <subfield code="1">0</subfield>
    <subfield code="2">ddc</subfield>
    <subfield code="4">0</subfield>
    <subfield code="6">RUB_RIC_2017_000000000000000_B643_OR_3</subfield>
    <subfield code="7">0</subfield>
    <subfield code="9">80725</subfield>
    <subfield code="a">LBB</subfield>
    <subfield code="b">LBB</subfield>
    <subfield code="c">B643</subfield>
    <subfield code="d">2019-07-30</subfield>
    <subfield code="o">RUB RIC 2017 B643 Or.3</subfield>
    <subfield code="p">A41685</subfield>
    <subfield code="r">2019-07-30</subfield>
    <subfield code="w">2019-07-30</subfield>
    <subfield code="y">RUB</subfield>
  </datafield>
  <datafield tag="952" ind1=" " ind2=" ">
    <subfield code="0">0</subfield>
    <subfield code="1">0</subfield>
    <subfield code="2">ddc</subfield>
    <subfield code="4">0</subfield>
    <subfield code="6">RUB_RIC_2017_000000000000000_B643_OR_4</subfield>
    <subfield code="7">0</subfield>
    <subfield code="9">80726</subfield>
    <subfield code="a">LBB</subfield>
    <subfield code="b">LBB</subfield>
    <subfield code="c">B643</subfield>
    <subfield code="d">2019-07-30</subfield>
    <subfield code="o">RUB RIC 2017 B643 Or.4</subfield>
    <subfield code="p">A41311</subfield>
    <subfield code="r">2019-07-30</subfield>
    <subfield code="w">2019-07-30</subfield>
    <subfield code="y">RUB</subfield>
  </datafield>
  <datafield tag="952" ind1=" " ind2=" ">
    <subfield code="0">0</subfield>
    <subfield code="1">0</subfield>
    <subfield code="2">ddc</subfield>
    <subfield code="4">0</subfield>
    <subfield code="6">RUB_RIC_2017_000000000000000_B643_OR_5</subfield>
    <subfield code="7">0</subfield>
    <subfield code="9">80727</subfield>
    <subfield code="a">LBB</subfield>
    <subfield code="b">LBB</subfield>
    <subfield code="c">B643</subfield>
    <subfield code="d">2019-07-30</subfield>
    <subfield code="o">RUB RIC 2017 B643 Or.5</subfield>
    <subfield code="p">A41921</subfield>
    <subfield code="r">2019-07-30</subfield>
    <subfield code="w">2019-07-30</subfield>
    <subfield code="y">RUB</subfield>
  </datafield>
  <datafield tag="952" ind1=" " ind2=" ">
    <subfield code="0">0</subfield>
    <subfield code="1">0</subfield>
    <subfield code="2">ddc</subfield>
    <subfield code="4">0</subfield>
    <subfield code="6">RUB_RIC_2017_000000000000000_B643_OR_6</subfield>
    <subfield code="7">0</subfield>
    <subfield code="9">80728</subfield>
    <subfield code="a">LBB</subfield>
    <subfield code="b">LBB</subfield>
    <subfield code="c">B643</subfield>
    <subfield code="d">2019-07-30</subfield>
    <subfield code="l">3</subfield>
    <subfield code="o">RUB RIC 2017 B643 Or.6</subfield>
    <subfield code="p">A41762</subfield>
    <subfield code="r">2024-11-12</subfield>
    <subfield code="s">2024-10-30</subfield>
    <subfield code="w">2019-07-30</subfield>
    <subfield code="y">RUB</subfield>
  </datafield>
</record>
